header

Intelligent decision technologies : (Record no. 125471)

MARC details
000 -LEADER
fixed length control field 02008nam a2200385 i 4500
001 - CONTROL NUMBER
control field ebr10767167
003 - CONTROL NUMBER IDENTIFIER
control field CaPaEBR
006 - FIXED-LENGTH DATA ELEMENTS--ADDITIONAL MATERIAL CHARACTERISTICS--GENERAL INFORMATION
fixed length control field m o d
007 - PHYSICAL DESCRIPTION FIXED FIELD--GENERAL INFORMATION
fixed length control field cr cn|||||||||
008 - FIXED-LENGTH DATA ELEMENTS--GENERAL INFORMATION
fixed length control field 130506t20132013dcua ob 101 0 eng|d
020 ## - INTERNATIONAL STANDARD BOOK NUMBER
Cancelled/invalid ISBN 9781614992639 (print : softcover)
International Standard Book Number 9781614992646 (e-book)
040 ## - CATALOGING SOURCE
Original cataloging agency CaPaEBR
Language of cataloging eng
Description conventions rda
-- pn
Transcribing agency CaPaEBR
035 ## - SYSTEM CONTROL NUMBER
System control number (OCoLC)861536707
050 14 - LIBRARY OF CONGRESS CALL NUMBER
Classification number T58.62
Item number .I58 2013eb
245 00 - TITLE STATEMENT
Title Intelligent decision technologies :
Remainder of title proceedings of the 5th International Conference on Intelligent Decision Technologies (KES-IDT 2013) /
Statement of responsibility, etc edited by Rui Neves-Silva [and four others].
264 #1 - PRODUCTION, PUBLICATION, DISTRIBUTION, MANUFACTURE, AND COPYRIGHT NOTICE
Place of production, publication, distribution, manufacture Washington, DC :
Name of producer, publisher, distributor, manufacturer IOS Press,
Date of production, publication, distribution, manufacture, or copyright notice [2013]
Date of production, publication, distribution, manufacture, or copyright notice �2013
300 ## - PHYSICAL DESCRIPTION
Extent 1 online resource (460 pages) :
Other physical details illustrations.
336 ## - CONTENT TYPE
Content type term text
Source rdacontent
337 ## - MEDIA TYPE
Media type term computer
Source rdamedia
338 ## - CARRIER TYPE
Carrier type term online resource
Source rdacarrier
490 1# - SERIES STATEMENT
Series statement Frontiers in artificial intelligence and applications,
International Standard Serial Number 0922-6389 ;
Volume number/sequential designation volume 255
504 ## - BIBLIOGRAPHY, ETC. NOTE
Bibliography, etc Includes bibliographical references and indexes.
588 ## - SOURCE OF DESCRIPTION NOTE
Source of description note Description based on print version record.
590 ## - LOCAL NOTE (RLIN)
Local note Electronic reproduction. Palo Alto, Calif. : ebrary, 2013. Available via World Wide Web. Access may be limited to ebrary affiliated libraries.
650 #0 - SUBJECT ADDED ENTRY--TOPICAL TERM
Topical term or geographic name as entry element Decision making
General subdivision Data processing
Form subdivision Congresses.
Topical term or geographic name as entry element Artificial intelligence
Form subdivision Congresses.
655 #0 - INDEX TERM--GENRE/FORM
Genre/form data or focus term Electronic books.
700 1# - ADDED ENTRY--PERSONAL NAME
Personal name Neves-Silva, Rui.
776 08 - ADDITIONAL PHYSICAL FORM ENTRY
Display text Print version:
Title Intelligent decision technologies : proceedings of the 5th International Conference on Intelligent Decision Technologies (KES-IDT 2013).
Place, publisher, and date of publication Washington, DC : IOS Press, [2013]
Physical description xiv, 444 pages
Series data for related item Frontiers in artificial intelligence and applications ; volume 255
International Standard Serial Number 0922-6389 ;
International Standard Book Number 9781614992639
Record control number (DLC)17726504
797 2# - LOCAL ADDED ENTRY--CORPORATE NAME (RLIN)
Corporate name or jurisdiction name as entry element ebrary.
830 #0 - SERIES ADDED ENTRY--UNIFORM TITLE
Uniform title Frontiers in artificial intelligence and applications ;
Volume number/sequential designation v. 255.
856 40 - ELECTRONIC LOCATION AND ACCESS
Uniform Resource Identifier <a href="http://site.ebrary.com/lib/rucke/Doc?id=10767167">http://site.ebrary.com/lib/rucke/Doc?id=10767167</a>
Public note An electronic book accessible through the World Wide Web; click to view

No items available.

© 2026 Rongo University
Contact us: librarian | system librarian | Rongo university